| 000 | 00444nam a2200157 a 4500 | ||
|---|---|---|---|
| 001 | 2021 | ||
| 003 | CDMR | ||
| 005 | 20130730105225.0 | ||
| 008 | 130130s1987||||||||||||||||||||||||||||d | ||
| 040 |
_aCDMR _bcat _cCPC GIRONA |
||
| 100 | 1 |
_aGrien, Raúl _91507 |
|
| 245 | 1 | 3 |
_aLa feria de las autonomías o el reparto (constitucional) de España _cGrien, Raúl |
| 260 |
_c1987 _bImpresos y ediciones SA |
||
| 500 | _aÉs un folletó | ||
| 942 |
_cMON _2udc |
||
| 999 |
_c2021 _d2021 |
||